Kluby pięciogwiazdkowe w FC26 - Statystyki

Ogólne statystyki
  • Ten quiz został rozwiązany 49 razy
  • Średni wynik to 7 z 7
Statystyki odpowiedzi
Liga Klub % Poprawnych
La Liga FC Barcelona
100%
Bundesliga FC Bayern Munchen
100%
Premier League Liverpool FC
100%
Premier League Manchester City FC
100%
Ligue 1 Paris Saint-Germain FC
100%
La Liga Real Madrid
98%
Premier League Arsenal FC
96%
Nie znaleziono quizów pasujących do podanych kryteriów
Rozkład punktacji
Procent ludzi z każdym wynikiem
Percentyl według liczby udzielonych odpowiedzi
Twoja historia wyników
Nie rozwiązałeś tego quizu